Parole composte - Statistics

Statistiche generali
  • Questo quiz è stato fatto 111 volte
  • Il punteggio medio è 11 su 20
Statistiche sulle risposte
Indizio Risposta % Corretto
Documento indispensabile per viaggiare all'estero Passaporto
83%
Movimento sismico Terremoto
82%
Armadio blindato per la custodia di valori Cassaforte
79%
Compare spesso dopo un temporale Arcobaleno
77%
Strada con binari Ferrovia
77%
L'elettrodomestico col brillantante Lavastoviglie
77%
Oggetto che aiuta a mantenere a galla Salvagente
76%
Il mondo dei morti Oltretomba
74%
Strumento di pagamento cartaceo Banconota
71%
Serve per affrancare la corrispondenza Francobollo
63%
Frutto con semi dolci e succosi di colore rosso Melograno
63%
Altro nome dell'istrice Porcospino
49%
Il vano tra i gradini e il piano sottostante Sottoscala
46%
Opera eccelsa Capolavoro
41%
Persona che parla in vece di un'organizzazione Portavoce
37%
Rovina l'atmosfera di un ambiente allegro Guastafeste
36%
Reazione istintiva e disordinata della folla a un pericolo imminente Fuggifuggi
35%
Costruzione dotata di mura e altri sistemi di difesa Roccaforte
21%
Improvviso cambiamento di comportamento Voltafaccia
13%
Commette atti criminosi o disonesti Malvivente
11%
Nessun quiz corrispondente trovato
Distribuzione punteggi
Percentuale di utenti per punteggio
Percentile per numero di risposta
I tuoi punteggi nel tempo
Non hai fatto questo quiz